Method for identification of antidegradants in rubber and rubber products by thin layer chromatography. (Record no. 73002)

MARC details
000 -LEADER
fixed length control field 00447nam a2200145Ia 4500
245 #0 - TITLE STATEMENT
Title Method for identification of antidegradants in rubber and rubber products by thin layer chromatography.
260 ## - PUBLICATION, DISTRIBUTION, ETC. (IMPRINT)
Year of publication 1985
500 ## - GENERAL NOTE
General note Standard number: BS 6630 ISO 4645; 1984
650 ## - SUBJECT ADDED ENTRY--TOPICAL TERM
Topical Term Antidegradants
650 ## - SUBJECT ADDED ENTRY--TOPICAL TERM
Topical Term Chromatography
650 ## - SUBJECT ADDED ENTRY--TOPICAL TERM
Topical Term Rubber products
650 ## - SUBJECT ADDED ENTRY--TOPICAL TERM
Topical Term Thin layer
942 ## - ADDED ENTRY ELEMENTS (KOHA)
Koha item type Standards
Holdings
Withdrawn status Lost status Damaged status Not for loan Collection code Home library Current library Date acquired Koha item type
      Standards British standards RRII Library RRII Library 31/12/2021 Standards